Statistics for Word Scramble- Names

Click here to take the quiz!

General Stats

  • This quiz has been taken 890 times
  • The average score is 9 of 10

Answer Stats

Scrambeled Name % Correct
acobjJacob
100%
xmaMax
99%
hjsoJosh
98%
ivddaDavid
96%
ichmleaMichael
96%
limailwWilliam
94%
honaNoah
89%
xaadrenleAlexander
87%
thtweamMatthew
81%
eahtnEthan
74%

Score Distribution

Percentile by Number Answered

Percent of People with Each Score

Your Score History

You have not taken this quiz